Power and ideology in education

Saved in:
Bibliographic Details
Other Authors: Karabel, Jerome (Editor), Halsey, A. H. (Editor)
Format: Book
Language:English
Published: New York : Oxford University Press, 1977
Subjects:
Tags: Add Tag
No Tags, Be the first to tag this record!

MARC

LEADER 00000nam a2200000 i 4500
001 1/20618
008 960710s1977 eng d
020 |a 0-19-502139-8 
035 |a 1987  |c Αγορά  |l 10036082 
040 |a GR-MY-UA  |b gre  |e aacr 
041 0 |a eng 
082 0 |a 370.19 
245 1 0 |a Power and ideology in education /  |c edited by Jerome Karabel, A.H. Halsey 
260 |a New York :   |b Oxford University Press,   |c 1977 
300 |a 670 p. 
650 0 0 |a Educational sociology. 
650 0 0 |a Education  |x Philosophy. 
650 0 0 |a Politics and education. 
650 0 0 |a Educational equalization. 
700 1 |a Karabel, Jerome.  |4 edt 
700 1 |a Halsey, A. H.  |4 edt 
852 |a INST  |b RHODES  |e 19960710  |h 370.19 POW  |p 005400002789  |q 005400002789  |t BK  |y 0 
909 |a Ρ  |b 008507  |c 1987